Sports Quiz

Random Sports or Hockey Quiz

Invisible NHL Teams Quiz Stats

 Plays Quiz Updated Jul 8, 2021

Support Sporcle.
Go Orange.
Score 0/32 Timer 02:00
0 Plays Today
Team % Correct
New York Rangers
86.5%
Toronto Maple Leafs
83.8%
Los Angeles Kings
83.7%
Pittsburgh Penguins
83.1%
Boston Bruins
82.9%
New York Islanders
82.6%
Montreal Canadiens
81.9%
Chicago Blackhawks
80.7%
Vancouver Canucks
79.8%
Dallas Stars
77.9%
Detroit Red Wings
77.7%
Minnesota Wild
77%
Winnipeg Jets
77%
Florida Panthers
76.7%
Edmonton Oilers
76.6%
San Jose Sharks
76.2%
Team % Correct
Philadelphia Flyers
75.7%
Anaheim Ducks
75.6%
Calgary Flames
75.4%
Ottawa Senators
75.2%
Tampa Bay Lightning
74.6%
Washington Capitals
73%
Columbus Blue Jackets
71.9%
Colorado Avalanche
71.4%
St. Louis Blues
71.4%
Arizona Coyotes
70.2%
Carolina Hurricanes
70.1%
Vegas Golden Knights
69.6%
Seattle Kraken
69.4%
Nashville Predators
68.6%
New Jersey Devils
66.7%
Buffalo Sabres
62.9%

You're not logged in!

Compare scores with friends on all Sporcle quizzes.
OR
Log In
Forgot?

From the Vault

Sports Puns II

by bowsntoys

I couldn't figure out why the ball kept getting bigger and bigger... Then it hit me.
Remove Ads.
Support Sporcle.
Get the best of Sporcle when you Go Orange. This ad-free experience offers more features, more stats, and more fun while also helping to support Sporcle. Thank you for becoming a member.

Show Comments

Extras

Top Quizzes Today


Score Distribution

Your Account Isn't Verified!

In order to create a playlist on Sporcle, you need to verify the email address you used during registration. Go to your Sporcle Settings to finish the process.

Report this User

Report this user for behavior that violates our Community Guidelines.

Details: